| 000 | 01874nam a2200265Ia 4500 | ||
|---|---|---|---|
| 999 |
_c52508 _d52508 |
||
| 001 | 19531 | ||
| 003 | GE_BSU | ||
| 005 | 20200224113320.0 | ||
| 008 | 181216s 1992ge |||||||||||||| ||geo|| | ||
| 040 | _cGE_BSU | ||
| 041 | _ageo | ||
| 080 | _a910.14(479.22) + 811.353.1 ბ-53 | ||
| 100 |
_aბერიძე, მერაბ _94745 |
||
| 245 |
_aჯავახეთი : _b(ტოპონიმური ანალიზი) / _cმერაბ ბერიძე ; რედ. შ. ძიძიგური, ელ. ბაბუნაშვილი. |
||
| 264 |
_aთბილისი : _bთბილ. უნ-ტის გამ-ბა, _c1992. |
||
| 300 |
_a124 გვ. ; _c20სმ. |
||
| 504 | _aბიბლიოგრ. : გვ. 120 | ||
| 520 | _aრეზიუმე : ნაშრომში განხილულია ჯავახეთის ტოპონომიკა, რომელიც დამყარებულია გეოგრაფიულ სახელთა თუ ცალკეულ მაწარმოებელთა ლოკალიზაციასა და ისტორიაზე | ||
| 541 | _h50თ. | ||
| 653 | _aრეზიუმე: ნაშრომში განხილულია ჯავახეთის ტოპონომიკა, რომელიც დამყარებულია გეოგრაფიულ სახელთა თუ ცალკეულ მაწარმოებელთა ლოკალიზაციასა და ისტორიაზე | ||
| 653 | _aსაქართველოს ტოპონიმიკა | ||
| 700 |
_aძიძიგური, შ. _eრედაქტორი _92258 |
||
| 700 |
_aბაბუნაშვილი, ელ. _eრედაქტორი _97369 |
||
| 942 |
_cBK _2udc |
||